Ciudades de España con AVE - Estadísticas

Estadísticas generales
  • Esta prueba ha sido intentada 281 veces
  • La puntuación promedio es 4 de 17
Estadísticas de respuestas
Respuesta % Correcto
Madrid
99%
Barcelona
96%
Sevilla
77%
Valencia
60%
Alicante
23%
Zaragoza
6%
Cordoba
5%
Málaga
5%
Ciudad Real
4%
León
2%
Tarragona
2%
Valladolid
2%
Cuanca
1%
Lérida
1%
Ourense
1%
Segovia
1%
Toledo
1%
No se encontraron pruebas coincidentes
Distribución de puntuación
Porcentaje de gente con cada puntuación
Porcentaje por número respondido
Historial de tus puntuaciones
No has intentado esta prueba.